Wildsmith & Armitage's principles and practice of regional anaesthesia / (Record no. 612227)

000 -LEADER
fixed length control field 03606nam a22003012a 4500
020 ## - INTERNATIONAL STANDARD BOOK NUMBER
International Standard Book Number 9780199586691 (hardback)
020 ## - INTERNATIONAL STANDARD BOOK NUMBER
International Standard Book Number 0199586691 (hardback)
040 ## - CATALOGING SOURCE
Transcribing agency NSHSPK
082 ## - DEWEY DECIMAL CLASSIFICATION NUMBER
Classification number 617.964
Author Mark WIL
245 1# - TITLE STATEMENT
Title Wildsmith & Armitage's principles and practice of regional anaesthesia /
Statement of responsibility, etc. McLeod, Graeme A., editor.; McCartney, Colin J. L., editor.; Wildsmith, J. A. W., editor.; Elliott, Patrick (Illustrator), illustrator.; Crowe, Ken (Photographer), illustrator.
246 1# - VARYING FORM OF TITLE
Title proper/short title Principles and practice of regional anaesthesia
250 ## - EDITION STATEMENT
Edition statement Fourth edition.
260 ## - PUBLICATION, DISTRIBUTION, ETC.
Place of publication, distribution, etc. Oxford :
Name of publisher, distributor, etc. Oxford University Press ,
Date of publication, distribution, etc. 2013
300 ## - PHYSICAL DESCRIPTION
Extent xviii, 277 pages :
Other physical details illustrations (black and white, and colour) ;
Dimensions 29 cm.
440 ## - SERIES STATEMENT/ADDED ENTRY--TITLE
Title Oxford textbooks in anaesthesia
9 (RLIN) 126673
500 ## - GENERAL NOTE
General note Includes bibliographies and index.
505 0# - FORMATTED CONTENTS NOTE
Formatted contents note Part 1: General Principles -- 1: History and development of local anaesthesia, Tony Wildsmith -- 2: Anatomy and physiology of pain, Lesley Colvin -- 3: The potential benefits, Nick Scott -- 4: Neurological complications, Colin McCartney -- 5: Outcome issues, Susan Nimmo & Graeme McLeod -- 6: Peripheral nerve and local anaesthetic drugs, Cameron Weir & Gary Strichartz -- 7: Local anaesthetic kinetics, Jenny Porter & Geoff Tucker -- 8: Drug Toxicity and selection, Nigel Bedforth & Jonathan Hardman -- 9: Preoperative considerations, Matthew Checketts -- 10: Peripheral nerve location techniques, George Corner & Calum Grant -- 11: Principles of patient management, Barrie Fischer -- Part 2: Anatomy and Techniques -- 12: Anatomy and physiology of vertebral canal, Ian Parkin & Alastair Chambers -- 13: Spinal anaesthesia, Jonathan Whiteside & Tony Wildsmith -- 14: Epidural block, Graeme McLeod -- 15: Sacral epidural (caudal) block, Edward Doyle & Jon McCormack -- 16: Regional anaesthesia of the trunk, John McDonnell & Dominic Harmon -- 17: Upper limb blocks, David Coventry -- 18: Lower limb blocks, Colin McCartney -- 19: Head, neck and airway blocks, Neil Smart, Stephen Hickey & Alistair Nimmo -- 20: Ophthalmic regional anaesthesia, Hamish McLure -- 21: Regional anaesthesia in obstetrics, Catriona Connolly & John McClure -- 22: Regional anaesthesia in children, Steve Roberts -- 23: Pain and autonomic blocks, Mick Serpell & Andreas Goebel -- 24: Regional anaesthesia for day-care surgery, Stuart Grant -- 25: Regional anaesthesia in the elderly, Bernadette Veering
520 ## - SUMMARY, ETC.
Summary, etc. The fourth edition of Wildsmith & Armitage's Principles and Practice of Regional Anaesthesia provides a comprehensive, up-to-date resource on regional anesthesia, focusing on practical applications and theoretical foundations. It includes advancements in techniques like ultrasound-guided anesthesia, alongside traditional methods. The chapters cover regional anesthesia for specific surgeries, patient groups like the elderly, and evolving practices for pain management. Edited by Graeme McLeod, Colin McCartney, and Tony Wildsmith, it is an essential reference for anesthetists seeking practical insights and clinical relevance in this specialty
650 #0 - SUBJECT ADDED ENTRY--TOPICAL TERM
Topical term or geographic name entry element Conduction anesthesia.
9 (RLIN) 126674
650 #2 - SUBJECT ADDED ENTRY--TOPICAL TERM
Topical term or geographic name entry element Anesthesia, Conduction.
9 (RLIN) 126675
700 ## - ADDED ENTRY--PERSONAL NAME
Personal name McLeod, Graeme A.,
Relator term editor.
9 (RLIN) 126676
700 ## - ADDED ENTRY--PERSONAL NAME
Personal name McCartney, Colin J. L.,
Relator term editor.
9 (RLIN) 126677
700 ## - ADDED ENTRY--PERSONAL NAME
Personal name Wildsmith, J. A. W.,
Relator term editor.
9 (RLIN) 126678
700 ## - ADDED ENTRY--PERSONAL NAME
Personal name Elliott, Patrick (Illustrator),
Relator term illustrator.
9 (RLIN) 126679
700 ## - ADDED ENTRY--PERSONAL NAME
Personal name Crowe, Ken (Photographer),
Relator term illustrator.
9 (RLIN) 126680
942 ## - ADDED ENTRY ELEMENTS (KOHA)
Source of classification or shelving scheme
Koha item type Book
Holdings
Withdrawn status Lost status Source of classification or shelving scheme Damaged status Not for loan Permanent Location Current Location Shelving location Date acquired Source of acquisition Cost, normal purchase price Full call number Barcode Date last seen Price effective from Koha item type
          NUST School of Health Sciences (NSHS) NUST School of Health Sciences (NSHS) General Stacks 09/26/2024 Progressive International Agencies (Pvt) Limited. 42542.55 617.964 WIL NSHS-1835 10/31/2024 09/26/2024 Book
© 2023 Central Library, National University of Sciences and Technology. All Rights Reserved.